Κατάλογος Βιβλιοθηκών Mediterranean College

Άλλες ζωές / (Record no. 10045)

MARC details
000 -LEADER
fixed length control field 03145nam a22002777a 4500
003 - ΤΑΥΤΟΤΗΤΑ ΤΟΥ ΑΡΙΘΜΟΥ ΕΛΕΓΧΟΥ
Πεδίο ελέγχου GR-AtMCL
005 - ΗΜΕΡΟΜΗΝΙΑ ΚΑΙ ΩΡΑ ΤΕΛΕΥΤΑΙΑΣ ΕΝΗΜΕΡΩΣΗΣ
Πεδίο ελέγχου 20260114110421.0
006 - FIXED-LENGTH DATA ELEMENTS--ADDITIONAL MATERIAL CHARACTERISTICS
Πεδίο ελέγχου σταθερού μήκους a|||||r|||||||||||
008 - FIXED-LENGTH DATA ELEMENTS--GENERAL INFORMATION
Πεδίο ελέγχου σταθερού μήκους e202206 gr |||||||||||||||||gre|d
020 ## - ISBN
ISBN 9786180144659
040 ## - ΠΗΓΗ ΚΑΤΑΛΟΓΟΓΡΑΦΗΣΗΣ
Φορέας πρωτότυπης καταλογογράφησης MC Athens Campus Library
Γλώσσα καταλογογράφησης Ελληνικά, Μοντέρνα (1453-)
Modifying agency MC Athens Campus Library
041 1# - ΓΛΩΣΣΑ
Κωδικός γλώσσας πρωτότυπου Αγγλικά
100 ## - MAIN ENTRY--PERSONAL NAME
Personal name Gurnah, Abdulrazak
9 (RLIN) 10262
240 10 - ΟΜΟΙΟΜΟΡΦΟΣ ΤΙΤΛΟΣ
Ομοιόμορφος τίτλος Afterlives.
Language of a work Ελληνικά
245 10 - ΤΙΤΛΟΣ ΚΑΙ ΔΗΛΩΣΗ ΥΠΕΥΘΥΝΟΤΗΤΑΣ
Τίτλος Άλλες ζωές /
Statement of responsibility, etc. Αμπντουλραζάκ Γκούρνα ; μετάφραση Κατερίνα Σχινά
250 ## - EDITION STATEMENT
Edition statement 1η έκδ.
264 #1 - PRODUCTION, PUBLICATION, DISTRIBUTION, MANUFACTURE, AND COPYRIGHT NOTICE
Place of production, publication, distribution, manufacture Αθήνα :
Name of producer, publisher, distributor, manufacturer Εκδόσεις Ψυχογιός,
Date of production, publication, distribution, manufacture, or copyright notice 2022
300 ## - PHYSICAL DESCRIPTION
Extent 384 σελίδες ;
Διαστάσεις 21 εκ.
500 ## - GENERAL NOTE
Γενική σημείωση Το κείμενο είναι μεταφρασμένο από τα αγγλικά
520 ## - SUMMARY, ETC.
Summary, etc. Δραπετεύοντας από το χωριό όπου γεννήθηκε, από μια περιοχή ταλανισμένη από τη φτώχεια, την πείνα και τους λοιμούς, ο νεαρός Ιλιάς φτάνει σε μια μικρή παραθαλάσσια πόλη όπου έκθαμβος παρακολουθεί την παρέλαση των Δυνάμεων Ασφαλείας στη Γερμανική Ανατολική Αφρική. Χρόνια αργότερα, το 1914, ενώ επίκειται ο μεγάλος πόλεμος μεταξύ των Βρετανών και των Γερμανών, στην Τάνγκα της Τανζανίας, o Ιλιάς αποφασίζει να καταταγεί στον γερμανικό στρατό, που αποτελείται κυρίως από Αφρικανούς μισθοφόρους, υποσχόμενος στη μικρή του αδελφή πως σύντομα θα επιστρέψει. Η υπόσχεσή του δε θα εκπληρωθεί ποτέ και το μυστήριο για το τι απέγινε ο Ιλιάς θα σκιάζει τη ζωή της Αφίγια ώσπου να γνωρίσει τον Χάμζα, έναν γενναιόδωρο και ονειροπόλο λιποτάκτη ο οποίος κατάφερε να διαφύγει από τη φρίκη του πολέμου. Οι δυο τους θα ζήσουν μια αναπάντεχη ιστορία αγάπης που θα ενώσει δυο οικογένειες αλλά και δυο ηπείρους, την Αφρική με την Ευρώπη. Συνδυάζοντας ιστορικά στοιχεία σε μια συγκινητική μυθοπλασία, ο Αμπντουλραζάκ Γκούρνα μάς προσφέρει ένα σπουδαίο λογοτεχνικό έργο για την Αφρική, την κληρονομιά της αποικιοκρατίας, τις φρικαλεότητες του πολέμου, καθώς και για τις απροσμέτρητες αντιφάσεις της ανθρώπινης φύσης.
650 #0 - SUBJECT ADDED ENTRY--TOPICAL TERM
Topical term or geographic name entry element Αγγλική λογοτεχνία
9 (RLIN) 10244
653 ## - INDEX TERM--UNCONTROLLED
Μη ελεγχόμενοι όροι Λογοτεχνία
700 ## - ΠΡΟΣΘΕΤΗ ΑΝΑΓΡΑΦΗ--ΦΥΣΙΚΟ ΠΡΟΣΩΠΟ
Personal name Σχινά, Κατερίνα
9 (RLIN) 10263
942 ## - ADDED ENTRY ELEMENTS (KOHA)
Koha item type Books
Holdings
Τύπος τεκμηρίου Βιβλιοθήκη Τρέχουσα τοποθεσία Barcode Αριθμός εισαγωγής Ημερομηνία απόκτησης Ταξιθετικό σύμβολο Αριθμός αντιτύπου Κατάσταση απόσυρσης Κατάσταση χαμένου Κατάσταση κατεστραμμένου Μη δανεισμός Σύνολο δανεισμών Ημερομηνία τελευταίας εμφάνισης Η τιμή ισχύει από
Books MC Athens Campus Library MC Athens Campus Library 9780000100535 8248 14/01/2026 823.914 ΓΚΟ 1           14/01/2026 14/01/2026

MC Athens Campus Library
Πατησίων 94 & Κοδριγκτώνος 13, 104 34
Πελλήνης 8 & Πατησίων 107, 112 51
Τ: +30 210 8899600

MC Thessaloniki Campus Library
Ίωνος Δραγούμη 21, 54625 | Ίωνος Δραγούμη 15, 54625
Τ: +30 2310 287779 – Τ: +30 2314 440300